[Event "Tallinn-ch final"]
[Site "Tallinn"]
[Date "2010.??.??"]
[Round "7"]
[White "Tuul, Tarmo"]
[Black "Ilves, Juri"]
[Result "1-0"]
[WhiteElo "1987"]
[BlackElo "2100"]
[PlyCount "101"]
[EventDate "2010.12.10"]
[EventType "tourn"]
[EventRounds "9"]
[EventCountry "EST"]
[SourceTitle "EXT 2018"]
[Source "ChessBase"]
[SourceDate "2017.10.13"]
[SourceVersion "1"]
[SourceVersionDate "2017.10.13"]
[SourceQuality "1"]

1. d4 Nf6 2. c4 d6 3. Nc3 Nbd7 4. e4 e5 5. d5 a5 6. Bd3 Be7 7. Nge2 Nc5 8. Bc2 0-0 9. f3 Ne8 10. Be3 g6 11. Qd2 f5 12. exf5 gxf5 13. 0-0-0 Bd7 14. f4 Nf6 15. Bxc5 dxc5 16. fxe5 Ng4 17. e6 Be8 18. Rdf1 Bg6 19. Nf4 Bf6 20. h3 Ne5 21. Qe2 Bg7 22. Kb1 Qg5 23. Ba4 Be8 24. Bxe8 Raxe8 25. Nb5 Re7 26. h4 Qh6 27. Nh5 Bh8 28. Nf4 Qf6 29. Nc3 Qh6 30. Rh3 Ng4 31. d6 cxd6 32. Ncd5 Ree8 33. Rb3 Be5 34. Rxb7 Rb8 35. Rb5 Rxb5 36. cxb5 Re8 37. g3 Nf6 38. Nc7 Re7 39. b6 Qf8 40. Qd3 Qb8 41. Ncd5 Nxd5 42. Nxd5 Rxe6 43. Qxf5 Re8 44. Qf7+ Kh8 45. Nf6 Bxf6 46. Qxf6+ Kg8 47. Rf5 Re5 48. Qf7+ Kh8 49. Qf8+ Qxf8 50. Rxf8+ Kg7 51. b7 1-0